000 00926cam a2200301 i 4500
001 32998
003 BD-RjUL
005 20211209051930.0
008 140429r19851980enkah b 001 0 eng
020 _a0856132799
035 _a(BD-RjUL)33088
040 _aDLC
_cDLC
_dBD-RjUL
_beng
041 _aeng
082 0 0 _a961.022
_219
_bBRM 1985
100 1 _aBrett, Michael.
_9100285
245 1 4 _aThe Moors :
_bIslam in the west /
_ctext by Michael Brett ; photos. by Werner Forman.
260 _aLondon :
_bOrbis Pub.,
_cc1980 [Reprinted 1985].
300 _a128 p. :
_bill. ;
_c31 cm.
504 _aBibliography: p. 126.
504 _aIncludes index.
650 0 _aMuslims
_zSpain
_xHistory.
_981902
651 0 _aAfrica, North
_xCivilization.
_9100286
651 0 _aWestern Mediterranean
_xCivilization.
_9100287
700 1 _aForman, Werner.
_9100288
942 _2ddc
_cBK
999 _c32998
_d32998